000 004840000a22001930004500
001 002366
003 MACL
005 20150910155418.0
008 150910b xxu||||| |||| 00| 0 eng d
040 _aMACL
_cMACL
041 _aEnglish
082 _a821/SIN
100 _aSinha, Pradip
_99978
245 _aThe Historian As An Archivist
_cPradip Sinha
260 _aCalcutta
_c1999
_bVidyasagar University,
350 _a300
650 _aEnglish Essay
_98946
942 _k821
_cBK
_2ddc
999 _c14278
_d14278